000 00364nam a2200145Ia 4500
005 20251222152027.0
008 251222s9999||||xx |||||||||||||| ||spa||
020 _a9786124041402
082 _a001.42/A34
100 _a"Alayza, Cristinay otros"
245 0 _aIniciarse en la investigación académica
250 _a1ra.ed.
264 _bEncuentro
942 _cLIB
999 _c25502
_d25502